De estética y poéticas en España : (Record no. 196023)

MARC details
000 -LEADER
campo de control de longitud fija 01296nam a2200349 i 4500
001 - NÚMERO DE CONTROL
campo de control 196023
003 - IDENTIFICADOR DE NÚMERO DE CONTROL
campo de control ItRI
005 - FECHA Y HORA DE LA ÚLTIMA TRANSACCIÓN
campo de control 20250801093359.0
008 - DATOS DE LONGITUD FIJA--INFORMACIÓN GENERAL
campo de control de longitud fija 240809s2022 it |||||| ||||| |||||c
015 ## - NÚMERO DE BIBLIOGRAFÍA NACIONAL
Fuente IT
Número de bibliografía nacional 2023-7174
020 ## - NÚMERO INTERNACIONAL ESTÁNDAR DEL LIBRO
Número Internacional Estándar del Libro 9788833154466
Información calificativa Papel
020 ## - NÚMERO INTERNACIONAL ESTÁNDAR DEL LIBRO
Número Internacional Estándar del Libro 9788833154473
Información calificativa Digital
035 ## - NÚMERO DE CONTROL DEL SISTEMA
Número de control de sistema IT\ICCU\CFI\1104884
040 ## - FUENTE DE CATALOGACIÓN
Lengua de catalogación ita
Centro/agencia transcriptor ES-MaACL
041 #7 - CÓDIGO DE IDIOMA
Fuente del código ISO-639-2
082 ## - NÚMERO DE LA CLASIFICACIÓN DECIMAL DEWEY
Número de clasificación 860.9005
Número de edición 23
100 0# - ENTRADA PRINCIPAL--NOMBRE DE PERSONA
Nombre de persona Busquets, Loreto
Número de control del registro de autoridad o número normalizado IT\ICCU\CFIV\023018
9 (RLIN) 32841
Término indicativo de función/relación Autor
240 10 - TÍTULO UNIFORME
Título uniforme De estética y poéticas en España
9 (RLIN) Busquets, Loreto
245 10 - MENCIÓN DEL TÍTULO
Título De estética y poéticas en España :
Resto del título (1830-1930) /
Mención de responsabilidad, etc. Loreto Busquets.
260 ## - PUBLICACIÓN, DISTRIBUCIÓN, ETC.
Lugar de publicación, distribución, etc. Pisa ;
-- Roma :
Nombre del editor, distribuidor, etc. Serra,
Fecha de publicación, distribución, etc. 2022.
300 ## - DESCRIPCIÓN FÍSICA
Extensión 265 p. :
Dimensiones 25 cm.
336 ## - TIPO DE CONTENIDO
Fuente rdacontent
Término de tipo de contenido texto
337 ## - TIPO DE MEDIO
Fuente rdamedia
Nombre/término del tipo de medio sin mediación
338 ## - TIPO DE SOPORTE
Fuente rdacarrier
Nombre/término del tipo de soporte volumen
650 #0 - PUNTO DE ACCESO ADICIONAL DE MATERIA--TÉRMINO DE MATERIA
Término de materia o nombre geográfico como elemento de entrada Literatura española-
Subdivisión general Estética
9 (RLIN) 238010
830 #0 - PUNTO DE ACCESO ADICIONAL DE SERIE-TÍTULO UNIFORME
Título uniforme Collana di testi e studi ispanici. 2, Saggi ;
Designación de volumen o secuencia 13
Número de control del registro de autoridad o número normalizado IT\ICCU\CFI\0045754
9 (RLIN) 238011
852 ## - LOCALIZACIÓN
Ubicación ES-MaACL
Sublocalización o colección R.153620
Ubicación en estantería Depósito J
Número de control de estantería N-9151
Donativo/Legado Donación: Editorial
Encuadernación Encuadernación rústica con solapas
itemnumber 205047
942 ## - ELEMENTOS DE ENTRADA SECUNDARIOS (KOHA)
Tipo de ítem Koha Libro impreso
Suprimir en OPAC No
Holdings
Estatus retirado Estado de pérdida Fuente del sistema de clasificación o colocación Estado de daño No para préstamo Biblioteca de origen Biblioteca actual Ubicación en estantería Fecha de adquisición Fuente de adquisición Total de préstamos Signatura topográfica completa Código de barras Visto por última vez Precio de reemplazo Tipo de ítem Koha
    Clasificación decimal universal     Biblioteca del Ateneo de Madrid Biblioteca del Ateneo de Madrid Depósito J 25/04/2025 Donación   N-9151 101229892 25/04/2025 25/04/2025 Libro impreso